| 000 | 00967nam a22002417a 4500 | ||
|---|---|---|---|
| 999 |
_c22366 _d22366 |
||
| 003 | AR-CdUCM | ||
| 008 | 190425b ||||| |||| 00| 0 spa d | ||
| 040 |
_aMUNICIPALIDAD PROVINCIAL DEL CUSCO _cBIBLIOTECA MUNICIPAL DEL CUSCO |
||
| 082 | _aOropesa/N°79/2011 | ||
| 245 |
_aOropesa : _brevista de cultura y educación de opinión y crítica / _cAmérico Valer Vargas, Director |
||
| 260 |
_aCusco. _bPantigozo, _c2011. |
||
| 300 |
_a18 páginas. : _bilustraciones ; _c30 cm. |
||
| 440 |
_aOropesa. _nAño XXXI, N°LXXIX, setiembre 2011. _947940 |
||
| 505 | _aContenido: Mayor poder político para las mujeres latinoamericanas. -- Arguedas y el dolor vital de la exclusión en el Perú. | ||
| 650 |
_aPolítica cusqueña _947381 |
||
| 650 |
_aCultura andina _947570 |
||
| 650 |
_aSociedad cusqueña _947493 |
||
| 650 |
_aSiglo XX _947561 |
||
| 700 |
_aValer Vargas, Alejandro _947563 |
||
| 700 |
_aGil Mora, Juan Eduardo _933267 |
||
| 942 |
_2ddc _cPP |
||
| 945 | _arac | ||